000 00600nam a2200169 a 4500
001 000044469
005 20201002045409.0
008 140702s2009 dr a 000 0 spa d
040 _aDO-SdBNP
_bspa
_cBNPHU
082 _axxxx
_bxxxx
100 1 _aValdez, Bienvenido,
_d1956-
_972489
245 1 0 _aMétodo de fabricación y ejecución de Marimbola /
_cBienvenido Valdez.
246 1 0 _aEl tocador de la marimbola dominicana
260 _aSanto Domingo :
_bImpresos Pichardo,
_c2009.
300 _a67 p. :
_bil. ;
_c28 cm.
500 _aIncluye datos biográficos del autor en la solapa de la contracubierta
999 _c43958
_d43958